Normal view
MARC view
Entry Personal Name
001 - CONTROL NUMBER
- control field: 1286
003 - CONTROL NUMBER IDENTIFIER
- control field: ARRUPE
005 - DATE AND TIME OF LATEST TRANSACTION
- control field: 20130925165701.0
008 - FIXED-LENGTH DATA ELEMENTS
- fixed length control field: 130925|| aca||aabn | a|a d
040 ## - CATALOGING SOURCE
- Original cataloging agency: ARRUPE
- Transcribing agency: ARRUPE
100 ## - HEADING--PERSONAL NAME
- Personal name: Barr, James,
- Dates associated with a name: 1924-2006.
670 ## - SOURCE DATA FOUND
- Source citation: Work cat.: (ARRUPE)0: Barr, James, 1924-2006., The Bible in the modern world., [1973]